000 00541cam a22002054a 4500
005 20250605164315.0
008 250528s ||||||||||||||||||||||||d
035 _a22675
020 _a9780201760354
040 _aGR-AtMCL
_bgre
_dGR-AtMCL
_eAACR2
245 1 _aDESIGNING SYSTEMS FOR INTERNET COMMERCE
250 _a2
260 _bAddison-Wesley Publishing Company,
_c2003
300 _a468
700 1 _aStewart Lawrence C
_98407
700 1 _aTreese G. Winfield
_98408
942 _cBK
999 _c7723
_d7723